All Doja Cat Songs (November 2025) - Statistics

General Stats
  • This quiz has been taken 37 times
    8 since last reset
  • The average score is 55 of 128
Answer Stats
Year Song % Correct
Get Into It (Yuh)
86%
2019 Juicy
86%
Juicy (feat. Tyga)
86%
Say So
86%
Say So (feat. 渡辺 直美)
86%
Say So (feat. Nicki Minaj)
86%
Streets
86%
2021 Woman
86%
You Right - Extended (feat. The Weeknd)
86%
You Right (feat. The Weeknd)
86%
AAAHH MEN!
71%
Candy
71%
Cards
71%
Demons
71%
2018 Go To Town
71%
Happy
71%
Jealous Type
71%
Kiss Me More (feat. SZA)
71%
Naked
71%
Need to Know
71%
One More Time
71%
2023 Paint The Town Red
71%
Won't Bite (feat. Smino)
71%
2024 ACKNOWLEDGE ME
57%
Acts of Service
57%
Addiction
57%
Agora Hills
57%
Been Like This
57%
2025 Born Again (with LISA & RAYE)
57%
Casual
57%
Couples Therapy
57%
Gun
57%
HEADHIGH
57%
I Don't Do Drugs (feat. Ariana Grande)
57%
Like That (feat. Gucci Mane)
57%
MOOO!
57%
OKLOSER
57%
PISS
57%
Rules
57%
Shine
57%
So High
57%
Talk Dirty
57%
Tia Tamera (feat. Rico Nasty)
57%
URRRGE!!!!!!!!!! (feat. A$AP Rocky)
57%
Wet Vagina
57%
Wild Beach
57%
WYM Freestyle
57%
97
43%
ACKNOWLEDGE ME (feat. The Joy)
43%
Ain't Shit
43%
All Mine
43%
Attention
43%
Balut
43%
2020 Boss Bitch
43%
Bottom Bitch
43%
Come Back
43%
Cyber Sex
43%
Dick (with StarBoi3)
43%
DISRESPECTFUL
43%
DISRESPECTFUL (feat. The Joy)
43%
Freak
43%
Fuck The Girls (FTG)
43%
Game
43%
Go Off
43%
Gorgeous
43%
I Like You (A Happier Song) (with Post Malone)
43%
In Your Eyes - Remix (with The Weeknd)
43%
Lose My Mind (with Don Toliver)
43%
MASC (feat. Teezo Touchdown)
43%
No Police
43%
Ouchies
43%
Payday (feat. Young Thug)
43%
Ride
43%
Silly! Fun!
43%
Skull And Bones
43%
Stranger
43%
Vegas
43%
Why Why (feat. Gunna)
43%
Wine Pon You (feat. Konshens)
43%
34+35 - Remix (with Ariana Grande & Megan Thee Stallion)
29%
Alone
29%
Better Than Me
29%
Body Language
29%
Can't Wait
29%
2022 Celebrity Skin
29%
Cookie Jar
29%
Del Mar (with Ozuna & Sia)
29%
Equally Lost (with Tove Lo)
29%
Fancy
29%
Imagine
29%
Just Us (with Jack Harlow)
29%
Lipstain
29%
Love Life
29%
Love To Dream
29%
Make it Up
29%
motive (with Ariana Grande)
29%
n.h.i.e. (with 21 Savage)
29%
Nunchucks
29%
Often
29%
Options (feat. JID)
29%
Roll With Us
29%
Shutcho
29%
Shutcho (feat. The Joy)
29%
Take Me Dancing (feat. SZA)
29%
Tonight (feat. Eve)
29%
Up And Down
29%
All Nighter
14%
Baby, I'm Jealous (with Bebe Rexha)
14%
2014 Beautiful
14%
Best Friend (with Saweetie)
14%
Control
14%
Do It - Remix (with Chloe x Halle, City Girls & Latto)
14%
Go Girl (with Summer Walker & Latto)
14%
JEEZU (with Jeymes Samuel, Kodak Black & Adekunle Gold)
14%
Kill Bill (with SZA)
14%
Make That Cake (with LunchMoney Lewis)
14%
Morning Light
14%
Perfect - Remix (with Cousin Stizz & BIA)
14%
SCOOP (with Lil Nas X)
14%
BMO - Remix (with Ari Lennox)
0%
Down Low
0%
Freaky Day
0%
Icy Hot (with Young Thug)
0%
Pussy Talk (with City Girls)
0%
2017 Right Side (with L8LOOMER)
0%
Shimmy (with Lil Wayne)
0%
STILL CANT FUH (with Lizzo)
0%
To Be Young (with Anne-Marie)
0%
No matching quizzes found
Score Distribution
Percent of People with Each Score
Percentile by Number Answered
Your Score History
You have not taken this quiz since the last reset